000 00619nam a2200181Ia 4500
008 100921s9999 xx 000 0 und d
082 _b32831
_a891.463 न 00
100 _aभावे अपर्णा.
245 _aअनुभूती.
260 _bस्वप्न प्रकाशन, पुणे.
_c2000
300 _a303
_bमयुरेष बुक एजन्सी,कराड
365 _b190
520 _aललित-कादंबरी.
630 _aअनुभूती.
650 _aललित-कादंबरी.
730 _aअनुभूती.
942 _cBOOK
999 _c781944
_d781941